[Event "Niteroi op 3rd"]
[Site "Niteroi"]
[Date "2023.09.10"]
[Round "9"]
[White "Spina, Deris Eduardo"]
[Black "De Albuquerque, Pedro Henrique Corr"]
[Result "1-0"]
[WhiteElo "1717"]
[BlackElo "1894"]
[PlyCount "40"]
[EventDate "2023.09.04"]
[EventType "swiss"]
[EventRounds "9"]
[EventCountry "BRA"]
[SourceTitle "EXT 2024"]
[Source "ChessBase"]
[SourceDate "2023.10.10"]
[SourceVersion "1"]
[SourceVersionDate "2023.10.10"]
[SourceQuality "1"]

1. e4 c5 2. Nf3 Nc6 3. d4 cxd4 4. Nxd4 g6 5. Nc3 Bg7 6. Be3 Nf6 7. Nb3 d6 8. Qd2 Be6 9. 0-0-0 Ng4 10. Bf4 Bxb3 11. cxb3 Qa5 12. Kb1 Rc8 13. f3 Bxc3 14. bxc3 Nge5 15. h4 h5 16. Qe2 Nd7 17. Qb2 Nce5 18. c4 a6 19. Bd2 Qb6 20. f4 Qf2 1-0

[Event "Rio de Janeiro op"]
[Site "Rio de Janeiro"]
[Date "2022.04.21"]
[Round "2"]
[White "De Albuquerque, Pedro Henrique Corr"]
[Black "Bottari, Raimondo"]
[Result "0-1"]
[WhiteElo "1737"]
[BlackElo "2112"]
[PlyCount "96"]
[EventDate "2022.04.21"]
[EventType "swiss"]
[EventRounds "6"]
[EventCountry "BRA"]
[SourceTitle "CBM 207 Extra"]
[Source "ChessBase"]
[SourceDate "2022.05.31"]
[SourceVersion "1"]
[SourceVersionDate "2022.05.31"]
[SourceQuality "1"]

1. e4 c5 2. Nf3 Nc6 3. d4 cxd4 4. Nxd4 e6 5. Nc3 Qc7 6. Be2 a6 7. 0-0 Nf6 8. a3 Be7 9. Be3 0-0 10. Nxc6 bxc6 11. f4 d6 12. Qe1 Nd7 13. Qg3 Bf6 14. e5 dxe5 15. Ne4 Kh8 16. Nxf6 Nxf6 17. fxe5 Nd5 18. Bc5 Ne7 19. Qg5 Ra7 20. Bxa7 Qxa7+ 21. Rf2 h6 22. Qh5 Ng6 23. Raf1 Qd4 24. Kh1 Nxe5 25. Rf4 Qxb2 26. Bd3 f5 27. Qe2 Nxd3 28. Qxd3 Qf6 29. Rd4 e5 30. Rd6 Qg5 31. Rd1 Kh7 32. Rd8 Rxd8 33. Qxd8 Qg4 34. h3 Qe2 35. Rg1 Be6 36. Qd3 Qh5 37. Qxa6 Bd5 38. Qd3 Be4 39. Qc3 f4 40. Re1 Qf5 41. a4 f3 42. Qe3 fxg2+ 43. Kg1 Bxc2 44. a5 Bd3 45. Kxg2 e4 46. Ra1 Qg6+ 47. Qg3 Qf6 48. Ra2 c5 0-1

[Event "Florianopolis op 8th"]
[Site "Florianopolis"]
[Date "2022.01.29"]
[Round "8"]
[White "Bassani, Jaison Jose"]
[Black "De Albuquerque, Pedro Henrique Corr"]
[Result "0-1"]
[WhiteElo "1961"]
[BlackElo "1735"]
[PlyCount "96"]
[EventDate "2022.01.24"]
[EventType "swiss"]
[EventRounds "10"]
[EventCountry "BRA"]
[SourceTitle "EXT 2023"]
[Source "ChessBase"]
[SourceDate "2022.10.05"]
[SourceVersion "1"]
[SourceVersionDate "2022.10.05"]
[SourceQuality "1"]

1. e4 c5 2. Nc3 Nc6 3. g3 g6 4. Bg2 Bg7 5. d3 e6 6. Be3 d6 7. Qd2 Bd7 8. Nge2 Nge7 9. d4 Qa5 10. 0-0 0-0 11. a3 cxd4 12. Nxd4 Ne5 13. Nd5 N7c6 14. Ne7+ Kh8 15. Nexc6 Qxd2 16. Bxd2 bxc6 17. Bc3 c5 18. Ne2 Bc6 19. Rfd1 Rfd8 20. Nf4 Rab8 21. h4 Kg8 22. Kh1 Ng4 23. Rd2 Bxc3 24. bxc3 e5 25. Nd3 Kf8 26. c4 Rb6 27. Rad1 Rdb8 28. Kg1 Ba4 29. Kf1 Rb1 30. Rxb1 Rxb1+ 31. Ke2 Ra1 32. Bh3 Nf6 33. f3 Rxa3 34. Nb2 Ke7 35. Nxa4 Rxa4 36. Kd3 Nh5 37. Rg2 Ra1 38. Bg4 Nf6 39. Bc8 a5 40. c3 a4 41. Rc2 a3 42. Ba6 a2 43. Rd2 Nh5 44. Bb5 Nxg3 45. Ba4 Nf1 46. Rf2 Ne3 47. Bb3 Rd1+ 48. Bxd1 a1Q 0-1

[Event "Florianopolis op 8th"]
[Site "Florianopolis"]
[Date "2022.01.26"]
[Round "4"]
[White "Calcada, Henrique Galvan"]
[Black "De Albuquerque, Pedro Henrique Corr"]
[Result "0-1"]
[WhiteElo "1324"]
[BlackElo "1735"]
[PlyCount "103"]
[EventDate "2022.01.24"]
[EventType "swiss"]
[EventRounds "10"]
[EventCountry "BRA"]
[SourceTitle "CBM 206 Extra"]
[Source "ChessBase"]
[SourceDate "2022.03.31"]
[SourceVersion "1"]
[SourceVersionDate "2022.03.31"]
[SourceQuality "1"]

1. Nf3 Nf6 2. c4 g6 3. d4 Bg7 4. Bf4 0-0 5. e3 d6 6. Nc3 Nbd7 7. Be2 c5 8. h3 a6 9. 0-0 b6 10. Rc1 Bb7 11. Re1 Ne4 12. Nxe4 Bxe4 13. Nd2 Bb7 14. Bf3 Bxf3 15. Nxf3 b5 16. b3 Qb6 17. d5 a5 18. Qe2 a4 19. Rb1 Rfb8 20. cxb5 axb3 21. Rxb3 Ra5 22. Reb1 Qa7 23. Nd2 Rxa2 24. Qd3 c4 25. Nxc4 Nc5 26. Qd1 Nxb3 27. Qxb3 Qa4 28. e4 Qxb3 29. Rxb3 Rc2 30. Na5 Rb2 31. Rxb2 Bxb2 32. Nc6 Rb7 33. Be3 Ba3 34. Ba7 Bc5 35. b6 Kf8 36. Na5 Rd7 37. Nb3 Bxb6 38. Bxb6 Rb7 39. Be3 Rxb3 40. Bh6+ Ke8 41. f3 e6 42. dxe6 fxe6 43. Kf2 d5 44. exd5 exd5 45. Bg7 Kd7 46. g4 Ke6 47. h4 h5 48. Kg3 d4 49. gxh5 d3 50. Bh6 Rb2 51. Bc1 d2 52. Bxb2 0-1

[Event "Florianopolis op 8th"]
[Site "Florianopolis"]
[Date "2022.01.25"]
[Round "2"]
[White "Fugimoto, Rafael Aoki"]
[Black "De Albuquerque, Pedro Henrique Corr"]
[Result "1-0"]
[WhiteElo "1285"]
[BlackElo "1735"]
[PlyCount "51"]
[EventDate "2022.01.24"]
[EventType "swiss"]
[EventRounds "10"]
[EventCountry "BRA"]
[SourceTitle "EXT 2023"]
[Source "ChessBase"]
[SourceDate "2022.10.05"]
[SourceVersion "1"]
[SourceVersionDate "2022.10.05"]
[SourceQuality "1"]

1. d4 Nf6 2. Bf4 g6 3. e3 Bg7 4. Nf3 d6 5. c4 0-0 6. h3 Nc6 7. Nc3 Nd7 8. Be2 e5 9. Bh2 a5 10. 0-0 Nb6 11. Nb5 e4 12. Nd2 Qe7 13. Qc2 f5 14. c5 Nb4 15. cxd6 Qg5 16. Qb3+ N4d5 17. Bf4 Qh4 18. Bc4 c6 19. Nc7 a4 20. Qxb6 g5 21. Bg3 Bh6 22. Bxd5+ cxd5 23. Nxa8 f4 24. d7 Qh5 25. dxc8Q Rxc8 26. Qe6+ 1-0

[Event "Florianopolis op 8th"]
[Site "Florianopolis"]
[Date "2022.01.24"]
[Round "1"]
[White "De Albuquerque, Pedro Henrique Corr"]
[Black "Di Berardino, Diego Rafael"]
[Result "0-1"]
[WhiteElo "1735"]
[BlackElo "2480"]
[PlyCount "62"]
[EventDate "2022.01.24"]
[EventType "swiss"]
[EventRounds "10"]
[EventCountry "BRA"]
[SourceTitle "CBM 206 Extra"]
[Source "ChessBase"]
[SourceDate "2022.03.31"]
[SourceVersion "1"]
[SourceVersionDate "2022.03.31"]
[SourceQuality "1"]

1. e4 c5 2. Nf3 e6 3. d4 cxd4 4. Nxd4 Nf6 5. Nc3 Nc6 6. a3 Be7 7. Be2 0-0 8. 0-0 d6 9. Be3 Bd7 10. Qd2 Nxd4 11. Bxd4 Bc6 12. f3 a6 13. Rfd1 Qc7 14. Na2 b5 15. c4 bxc4 16. Bxc4 d5 17. exd5 Nxd5 18. Rac1 Qb7 19. Bd3 h6 20. Bb1 Rac8 21. Nc3 Bg5 22. Qd3 f5 23. Nxd5 Bxc1 24. Nb6 Bb5 25. Qb3 Rc6 26. Ba2 Rd8 27. Bf2 Rxd1+ 28. Qxd1 Bg5 29. f4 Bxf4 30. Qd8+ Kh7 31. g3 Rc1+ 0-1